000 00344nam a22001217a 4500
020 _a9781118485484
040 _cNUST
082 _a621.460285
_bMOH
100 _aMohan, Ned
_968672
245 _aAdvanced Electric Drives :
_bAnalysis, Control, and Modeling Using MATLAB/Simulink
260 _aNew Jersey:
_bJohn Wiley,
_c2013.
942 _2ddc
_cBK
999 _c586675
_d586675